000 00764nam a2200193 a 4500
001 000040040
005 20250307073710.0
008 130802s2004 mx 000 0 spa d
020 _a9789703208029
040 _aDO-SdBNP
_bspa
_cBNPHU
100 1 _aHenríquez Ureña, Pedro,
_d1884-1946
_91718
245 1 0 _aEl descontento y la promesa /
_cPedro Henríquez Ureña ; presentación de Minerva Salado/.
260 _aMéxico :
_bUniversidad Nacional Autónoma de México
_bDirección General de Publicaciones y Fomento Editorial,
_c2004.
300 _a49 p. ;
_c16 cm.
490 1 _aPequeños grandes ensayos
_v24
700 1 _aSalado, Minerva
_931893
710 2 _aUniversidad Nacional Autónoma de México
_942447
830 0 _aPequeños grandes ensayos
_v24
_966274
999 _c39530
_d39530